|
|
แสดงรายละเอียดบรรณานุกรม |
|
|
Brief Record
: Get Marc (ISO 2709)
: E-mail record
: |
| LEADER 00000nama 2200000uu 4500 | |||
| 001 191864 | |||
| 003 ULIBM | |||
| 008 040531s2540 th m m a000 0 tha d | |||
| 041 tha | |||
| 050 WS280 ก351ว | |||
| 100 กองวัณโรค | |||
| 245 คู่มือผู้ช่วยการเรียนรู้ การบริบาลผู้ป่วยโรคติดเชื้อเฉียบพลันระบบหายใจในเด็ก(กลุ่มโรคหวัดและปอดบวม) 001 | |||
| 246 โรคหวัด - ปอดบวม | |||
| 260 นนทบุรี กองวัณโรค 2540 | |||
| 300 220 หน้า | |||
| 650 ทางเดินอากาศหายใจ,โรคติดเชื้อ | |||
| 998 1998-04-28 | |||
| คุณยังไม่ได้ล็อกอิน คุณสามารถมีกิจกรรมร่วมกับเว็บไซต์ได้ แต่ต้องล็อกอินก่อน :: |
|
| สถานะ | |||||||||
| 1. | หนังสือทั่วไป | WS280 ก351ว 2540 | On Shelf ขอยืม | ||||||
| 2. | หนังสือทั่วไป | WS280 ก351ว 2540 | On Shelf ขอยืม | ||||||
| [แสดง 2/2 รายการ] | |||||||||
BibComment |
| คอมเมนท์ทรัพยากรรายการนี้ |
|
|